| 000 | 01086cad a22002295a 4500 | ||
|---|---|---|---|
| 001 | E147634 | ||
| 008 | 090601s2009 xxkd f s 000 0 eng d | ||
| 035 | _a(Sirsi) u147634 | ||
| 041 | 0 | _aeng | |
| 050 | 0 | 4 | _a333.337 $2 18 |
| 110 | 2 |
_aColliers International Property Consultants _91881 |
|
| 245 | 0 | 0 |
_aAsia Pacific office market overview _bMay 2009 _h[electronic resource] |
| 260 |
_a[S.l.] _bColliers _c2009 |
||
| 490 | 0 |
_aColliers Asia Pacific Office Market Overview _vMay 2009 |
|
| 520 | _aReports that office rents fell by 4% quarter on quarter in the first quarter 2009, with Hong Kong and Singapore seeing the largest falls. The number of deals also fell during 1Q 2009, however the report predicts that the rate of decline of capital and rental values will slow towards the end of 2009. | ||
| 590 | _aKA | ||
| 650 | 2 | 4 | _aCOLLIERS ASIA PACIFIC OFFICE MARKET OVERVIEW |
| 651 | 4 | _aAsia Pacific | |
| 690 | _aPROPERTY-COMMERCIAL PROPERTY-COMMERCIAL PROPERTY MARKET | ||
| 856 | 4 | 0 |
_uhttps://www.colliers.com _zView the report free of charge at www.colliers.com... |
| 942 | _n0 | ||
| 999 |
_c109665 _d109665 |
||